000 00548nam a2200217 a 4500
001 BRCA_5092
005 20190320204933.0
008 821217s1945 enk#######---#000-0#eng-#
041 _aeng
044 _aenk
050 4 _aPZ3
_b.B73 1945
100 1 _aBrand, Christianna
_d1907-1988
_912985
245 1 0 _aGreen for Danger
_cChristiana Brand.
260 _aLondres
_bPan Books
_c1945
300 _a221 p.
_c17 cm.
500 _aDD44
650 1 4 _aNovelas policĂ­acas
_9877
650 1 4 _aNovela inglesa
_912986
902 _aGFM
942 _2lcc
_cB
999 _c4786
_d4786